Mecánica de fluídos II

Guardado en:
Detalles Bibliográficos
Autor principal: Ugarte Palacín, Francisco (Autor)
Formato: Libro
Lenguaje:español
Publicado: Lima San Marcos 1991
Materias:
Etiquetas: Agregar Etiqueta
Sin Etiquetas, Sea el primero en etiquetar este registro!

MARC

LEADER 00000nam a2200000 a 4500
001 UCR0473
003 CL-VaPUC
008 971205e19910000PE |||||||||||||||||spa|d
082 0 4 |a 532  |b UGA  |2 21 
100 0 |a Ugarte Palacín, Francisco  |e author  |9 396163 
245 1 0 |a Mecánica de fluídos II 
300 |a 299 p 
942 |c BK 
945 |d 19971205 00:00:00  |a rleighto 
260 |a Lima  |b San Marcos  |c 1991 
650 0 |a Procesos químicos  |9 259436 
650 0 |a Mecánica de fluidos   |9 259464 
650 0 |a Hidráulica   |9 260193 
650 0 |a Problemas, ejercicios, etc  |9 259377 
583 |a last modification  |c 19971205 00:00:00  |k Rodrigo Vera 
999 |c 263986  |d 263984